| 000 | 00746nam a2200229 a 4500 | ||
|---|---|---|---|
| 001 | 644 | ||
| 003 | CDMR | ||
| 005 | 20160614174347.0 | ||
| 008 | 130130s2001||||sp |||||||||||||||||spa|d | ||
| 020 | _a8423333051 | ||
| 040 |
_aCDMR _bcat _cCDMR |
||
| 100 | 1 |
_92908 _aSagarra, Josep Maria de |
|
| 245 | 1 | 0 |
_aCartas europeas _b: crónicas en El Sol, 1920-1929 _cJosé María de Sagarra, José Pla ; edición y prólogo de Narcís Garolera |
| 260 |
_aBarcelona _bDestino _c2001 |
||
| 300 | _a349 p. | ||
| 490 | 0 |
_aÁncora y Delfín _v924 |
|
| 610 | 0 | 4 |
_93590 _aEl Sol (Diari) _xRecull d'escrits _y1920-1928 |
| 650 | 0 | 4 |
_93291 _aEscriptors catalans _vRecull d'escrits |
| 700 | 1 |
_9827 _aPla, Josep |
|
| 700 | 1 |
_93589 _aGarolera, Narcís _eed. |
|
| 942 |
_cMON _2udc |
||
| 999 |
_c644 _d644 |
||